| 000 | 00973nam a2200205Ia 4500 | ||
|---|---|---|---|
| 999 |
_c38145 _d38145 |
||
| 001 | 4135 | ||
| 003 | GE_BSU | ||
| 005 | 20190926165706.0 | ||
| 008 | 181216s1974||||ge |||||||||||||| ||geo|| | ||
| 040 | _cGE_BSU | ||
| 041 | _ageo | ||
| 080 | _a398(479.22)(038) ქ–27 | ||
| 245 |
_aქართული ფოლკლორი : _bმასალები და გამოკვლევები : ტ. 4 : ქართული ფოლკლორის ლექსიკონი (ა-ლ) / _cრედ. მ. ჩიქოვანი. |
||
| 264 |
_aთბ.: _bმეცნიერება, _c1974. |
||
| 300 |
_a234 გვ. ; _b22 სმ. |
||
| 653 | _aქართული ფოლკლორი. | ||
| 700 |
_aჩიქოვანი, მ. _eრედაქტორი _94336 |
||
| 710 |
_a საქ. სსრ მეცნ. აკად., რუსთაველის სახ. ქართ. ლიტ. ინ-ტი. _94337 |
||
| 942 |
_cBK _2udc |
||